000 00361nam a22001577a 4500
003 OSt
005 20260330141649.0
008 220819b |||||||| |||| 00| 0 eng d
082 _a641.5
_bPRO/PR
100 _aPrabhakaran K G
_95238
245 _aProfessional cookery (mal)
250 _a4th ed
260 _bLumen Books
_c2007
300 _a607p
942 _cBK
999 _c17537
_d17537